French Vocabulary Mega-Challenge - Statistics

General Stats
  • This quiz has been taken 121,902 times
  • The average score is 14 of 20
Answer Stats
Hint # Answer % Correct
Thank you! (interj.) 5 M{erci}
97%
White (adj.) 5 Bl{anc}
96%
Hello (interj.) 7 B{onjour}
96%
Two (n.) 4 D{eux}
96%
Water (n.) 3 E{au}
96%
Wine (n.) 3 V{in}
96%
Friend (n.) 3 A{mi}
95%
Blue (adj.) 4 Bl{eu}
95%
Woman (n.) 5 F{emme}
95%
No (adv.) 3 N{on}
95%
Coffee (n.) 4 C{afé}
94%
School (n.) 5 É{cole}
94%
She (pron.) 4 E{lle}
94%
Cheese (n.) 7 F{romage}
94%
Black (adj.) 4 N{oir}
94%
Bread (n.) 4 P{ain}
94%
Apple (n.) 5 P{omme}
94%
Three (n.) 5 T{rois}
94%
Eight (n.) 4 H{uit}
93%
House (n.) 6 M{aison}
93%
To eat (v.) 6 M{anger}
93%
Small; short (adj.) 5 P{etit}
93%
Green (adj.) 4 V{ert}
93%
Garden (n.) 6 J{ardin}
92%
Day (n.) 4 J{our}
92%
Monday (n.) 5 L{undi}
92%
Christmas (n.) 4 N{oël}
92%
Street (n.) 3 R{ue}
92%
City; town (n.) 5 V{ille}
92%
With (prep.) 4 A{vec}
91%
Flower (n.) 5 F{leur}
91%
French (adj.) 8 Fr{ançais}
91%
Brother (n.) 5 F{rère}
91%
Boy (n.) 6 G{arçon}
91%
Tuesday (n.) 5 M{ardi}
91%
Who (adv.) 3 Q{ui}
91%
Hi! (interj.) 5 Sa{lut}
91%
After (adv.) 5 Ap{rès}
90%
Baby (n.) 4 B{ébé}
90%
Dog (n.) 5 C{hien}
90%
Moon (n.) 4 L{une}
90%
Music (n.) 7 M{usique}
90%
Fish (n.) 7 Po{isson}
90%
Very (adv.) 4 T{rès}
90%
April (n.) 5 A{vril}
89%
Welcome (interj.) 9 Bi{envenue}
89%
Sunday (n.) 8 Di{manche}
89%
To sleep (v.) 6 Do{rmir}
89%
French fries (n.) 6 F{rites}
89%
Vegetable (n.) 6 Lé{gume}
89%
Book (n.) 5 L{ivre}
89%
Thousand (n.) 5 M{ille}
89%
World (n.) 5 M{onde}
89%
Museum (n.) 5 M{usée}
89%
North (adv.) 4 N{ord}
89%
Eleven (n.) 4 O{nze}
89%
To speak; to talk (v.) 6 Pa{rler}
89%
Evening (n.) 4 S{oir}
89%
Friday (n.) 8 Ve{ndredi}
89%
To like; to love (v.) 5 Ai{mer}
88%
Tooth (n.) 4 D{ent}
88%
Child (n.) 6 E{nfant}
88%
To be (v.) 4 Ê{tre}
88%
Family (n.) 7 Fa{mille}
88%
Hospital (n.) 7 H{ôpital}
88%
Here (adv.) 3 I{ci}
88%
Milk (n.) 4 L{ait}
88%
Number (n.) 6 No{mbre}
88%
Night (n.) 4 N{uit}
88%
Paper (n.) 6 P{apier}
88%
Sugar (n.) 5 S{ucre}
88%
South (adv.) 3 S{ud}
88%
Birthday (n.) 12 An{niversaire}
87%
Castle (n.) 7 Ch{âteau}
87%
Daughter (n.) 5 F{ille}
87%
Grandfather (n.) 9 G{randpère}
87%
Island (n.) 3 Î{le}
87%
Freedom (n.) 7 Li{berté}
87%
Wednesday (n.) 8 M{ercredi}
87%
Saturday (n.) 6 S{amedi}
87%
Banana (n.) 6 B{anane}
86%
Bakery (n.) 11 Bou{langerie}
86%
Hot (adj.) 5 Ch{aud}
86%
Horse (n.) 6 Ch{eval}
86%
Lemon (n.) 6 Ci{tron}
86%
Pencil (n.) 6 Cr{ayon}
86%
To smoke (v.) 5 Fu{mer}
86%
Yellow (adj.) 5 Ja{une}
86%
Thursday (n.) 5 J{eudi}
86%
To play (v.) 5 Jo{uer}
86%
When (adv.) 5 Q{uand}
86%
Nothing (n.) 4 R{ien}
86%
Pink (adj.) 4 R{ose}
86%
Head (n.) 4 T{ête}
86%
Eyes (n.) 4 Y{eux}
86%
To help (v.) 5 Ai{der}
85%
To have (v.) 5 A{voir}
85%
Ticket (n.) 6 Bi{llet}
85%
Easy (adj.) 6 Fa{cile}
85%
Left (adj.) 6 G{auche}
85%
Hour (n.) 5 H{eure}
85%
Juice (n.) 3 J{us}
85%
Uncle (n.) 5 O{ncle}
85%
First (adj.) 7 Pr{emier}
85%
Week (n.) 7 Se{maine}
85%
To work (v.) 10 Tr{availler}
85%
Car (n.) 7 V{oiture}
85%
To buy (v.) 7 Ach{eter}
84%
Pineapple (n.) 6 An{anas}
84%
Other (adj.) 5 Au{tre}
84%
A lot (adv.) 8 Be{aucoup}
84%
Good evening (interj.) 7 B{onsoir}
84%
Office (n.) 6 Bu{reau}
84%
To sing (v.) 7 Ch{anter}
84%
Tomorrow (n.) 6 De{main}
84%
To do; to make (v.) 5 F{aire}
84%
January (n.) 7 J{anvier}
84%
Free (adj.) 5 Li{bre}
84%
Perfume (n.) 6 P{arfum}
84%
Swimming pool (n.) 7 Pi{scine}
84%
Door (n.) 5 P{orte}
84%
Why (adv.) 8 P{ourquoi}
84%
Sister (n.) 5 S{oeur}
84%
Late (adv.) 4 T{ard}
84%
Bicycle (n.) 4 V{élo}
84%
Face (n.) 6 Vi{sage}
84%
Really; truly (adv.) 8 Vr{aiment}
84%
Bank (n.) 6 B{anque}
83%
Bedroom (n.) 7 Ch{ambre}
83%
Snail (n.) 8 E{scargot}
83%
Young (adj.) 5 J{eune}
83%
To read (v.) 4 L{ire}
83%
Magnificent (adj.) 10 Mag{nifique}
83%
Foot (n.) 4 P{ied}
83%
Beach (n.) 5 Pl{age}
83%
Sun (n.) 6 So{leil}
83%
Sad, unhappy (adj.) 6 Tr{iste}
83%
August (n.) 4 A{oût}
82%
To dance (v.) 6 D{anser}
82%
Team (n.) 6 Éq{uipe}
82%
Strawberry (n.) 6 F{raise}
82%
Cold (adj.) 5 Fr{oid}
82%
Train station (n.) 4 G{are}
82%
Newspaper (n.) 7 Jo{urnal}
82%
Egg (n.) 4 O{euf}
82%
Fifteen (n.) 6 Qu{inze}
82%
Season (n.) 6 Sa{ison}
82%
Earth (n.) 5 T{erre}
82%
Money (n.) 6 Ar{gent}
81%
Eggplant (n.) 9 Au{bergine}
81%
Butter (n.) 6 Be{urre}
81%
To drink (v.) 5 Bo{ire}
81%
Heart (n.) 5 C{oeur}
81%
Difficult (adj.) 9 Di{fficile}
81%
Dinner (n.) 5 D{îner}
81%
Shower (n.) 6 D{ouche}
81%
To listen (v.) 7 Éc{outer}
81%
Church (n.) 6 Ég{lise}
81%
State (n.) 4 É{tat}
81%
Wrong (adj.) 4 F{aux}
81%
Closed (adj.) 5 F{ermé}
81%
War (n.) 6 G{uerre}
81%
Never (adv.) 6 J{amais}
81%
Language (n.) 6 L{angue}
81%
Now (adv.) 10 Mai{ntenant}
81%
New (adj.) 7 N{ouveau}
81%
Computer (n.) 10 Or{dinateur}
81%
To think (v.) 6 P{enser}
81%
Thirty (n.) 6 Tr{ente}
81%
To live (v.) 5 V{ivre}
81%
Germany (n.) 9 All{emagne}
80%
To say; to tell (v.) 4 D{ire}
80%
Spain (n.) 7 E{spagne}
80%
Strong (adj.) 4 F{ort}
80%
Kind; nice (adj.) 6 Ge{ntil}
80%
Morning (n.) 5 M{atin}
80%
Country (n.) 4 P{ays}
80%
Reason (n.) 6 R{aison}
80%
Aunt (n.) 5 T{ante}
80%
To come (v.) 5 V{enir}
80%
To see (v.) 4 V{oir}
80%
To go (v.) 5 A{ller}
79%
Kitchen (n.) 7 C{uisine}
79%
Funny; amusing (adj.) 5 Dr{ôle}
79%
Window (n.) 7 Fe{nêtre}
79%
Mountain (n.) 8 Mo{ntagne}
79%
West (adv.) 5 O{uest}
79%
Ready (adj.) 4 Pr{êt}
79%
To sell (v.) 6 V{endre}
79%
Tree (n.) 5 Ar{bre}
78%
Mouth (n.) 6 Bo{uche}
78%
Mushroom (n.) 10 Cha{mpignon}
78%
Chinese (adj.) 7 Ch{inois}
78%
Sky (n.) 4 C{iel}
78%
Body (n.) 5 Co{rps}
78%
Together (adv.) 8 En{semble}
78%
Son (n.) 4 F{ils}
78%
Winter (n.) 5 H{iver}
78%
Ham (n.) 6 J{ambon}
78%
Lake (n.) 3 L{ac}
78%
Rabbit (n.) 5 La{pin}
78%
To wash (v.) 5 La{ver}
78%
Word (n.) 3 M{ot}
78%
Bridge (n.) 4 P{ont}
78%
Price (n.) 4 P{rix}
78%
To look at; to watch (v.) 8 Re{garder}
78%
King (n.) 3 R{oi}
78%
To know [something] (v.) 6 Sa{voir}
78%
Salt (n.) 3 S{el}
78%
To go out; to exit (v.) 6 So{rtir}
78%
Farewell (interj.) 5 Ad{ieu}
77%
Watch out! (interj.) 9 At{tention}!
77%
Before (adv.) 5 A{vant}
77%
To write (v.) 6 Éc{rire}
77%
Icecream (n.) 5 G{lace}
77%
Snow (n.) 5 N{eige}
77%
Bird (n.) 6 Oi{seau}
77%
To forget (v.) 7 Ou{blier}
77%
To take; get (v.) 7 Pr{endre}
77%
Teacher (n.) 10 Pr{ofesseur}
77%
Always (adv.) 8 T{oujours}
77%
To find; to discover (v.) 7 Tr{ouver}
77%
To understand (v.) 10 Com{prendre}
76%
God (n.) 4 D{ieu}
76%
To give (v.) 6 Do{nner}
76%
Hunger (n.) 4 F{aim}
76%
Yesterday (n.) 4 H{ier}
76%
Store; shop (n.) 7 Ma{gasin}
76%
Sick, ill (adj.) 6 Ma{lade}
76%
Honey (n.) 4 M{iel}
76%
To swim (v.) 5 N{ager}
76%
To stop (v.) 7 Ar{rêter}
75%
To wait for (v.) 8 At{tendre}
75%
Balcony (n.) 6 B{alcon}
75%
Present; gift (n.) 6 Ca{deau}
75%
Map (n.) 5 C{arte}
75%
Hat (n.) 7 Ch{apeau}
75%
Shirt (n.) 7 Ch{emise}
75%
Expensive (adj.) 4 C{her}
75%
To choose (v.) 7 Ch{oisir}
75%
Against (prep.) 6 Co{ntre}
75%
Lunch (n.) 8 Dé{jeuner}
75%
Story (n.) 8 Hi{stoire}
75%
Interesting (adj.) 11 In{teressant}
75%
Bad (adj.) 7 Mau{vais}
75%
Chicken (n.) 6 P{oulet}
75%
Under (prep.) 4 S{ous}
75%
Cow (n.) 5 V{ache}
75%
Wind (n.) 4 V{ent}
75%
Beer (n.) 5 B{ière}
74%
To look for (v.) 8 Ch{ercher}
74%
To begin (v.) 9 Co{mmencer}
74%
Stranger (n.) 8 Ét{ranger}
74%
To win; to earn (v.) 6 Ga{gner}
74%
To walk (v.) 7 Ma{rcher}
74%
Midnight (n.) 6 Mi{nuit}
74%
Tower (n.) 4 T{our}
74%
Truth (n.) 6 Vé{rité}
74%
Boat (n.) 6 Ba{teau}
73%
Beef (n.) 5 B{oeuf}
73%
Bottle (n.) 9 Bou{teille}
73%
Famous (adj.) 7 Cé{lèbre}
73%
Thing (n.) 5 Ch{ose}
73%
To hate (v.) 8 Dé{tester}
73%
Finally (adv.) 5 En{fin}
73%
Between (prep.) 5 E{ntre}
73%
Husband (n.) 4 M{ari}
73%
Noon (n.) 4 M{idi}
73%
Less (adv.) 5 M{oins}
73%
Forty (n.) 8 Qu{arante}
73%
Blood (n.) 4 S{ang}
73%
To fall (v.) 6 To{mber}
73%
Airplane (n.) 5 A{vion}
72%
Arm (n.) 4 B{ras}
72%
Leg (n.) 5 J{ambe}
72%
Nose (n.) 3 N{ez}
72%
Butterfly (n.) 8 Pa{pillon}
72%
Rarely (adv.) 8 R{arement}
72%
To stay (v.) 6 R{ester}
72%
To laugh (v.) 4 R{ire}
72%
Dress (n.) 4 R{obe}
72%
Alone (adj.) 4 S{eul}
72%
To fly (v.) 5 Vo{ler}
72%
Cherry (n.) 6 Ce{rise}
71%
Hair (n.) 6 Ch{eveu}
71%
To ask; to request (v.) 8 De{mander}
71%
Star (n.) 6 É{toile}
71%
Raspberry (n.) 9 Fr{amboise}
71%
Open (adj.) 6 O{uvert}
71%
Calm; quiet (adj.) 10 Tr{anquille}
71%
Holidays (n.) 8 Va{cances}
71%
Quickly (adv.) 4 V{ite}
71%
Notebook (n.) 6 Cah{ier}
70%
Key (n.) 3 C{lé}
70%
July (n.) 7 J{uillet}
70%
Wall (n.) 3 M{ur}
70%
Meal (n.) 5 Re{pas}
70%
Duck (n.) 6 Ca{nard}
69%
To send (v.) 7 En{voyer}
69%
Month (n.) 4 M{ois}
69%
To die (v.) 6 Mo{urir}
69%
Onion (n.) 6 Oi{gnon}
69%
Ear (n.) 7 Or{eille}
69%
To fix (v.) 7 Rép{arer}
69%
Meat (n.) 6 V{iande}
69%
Lawyer (n.) 6 Av{ocat}
68%
Bath (n.) 4 B{ain}
68%
Jewel (n.) 5 Bi{jou}
68%
Already (adv.) 4 D{éjà}
68%
Slow (adj.) 4 L{ent}
68%
To put; to place (v.) 6 Me{ttre}
68%
To dream (v.) 5 R{êver}
68%
Often (adv.) 7 S{ouvent}
68%
Topic (n.) 5 Su{jet}
68%
At the home of (prep.) 4 C{hez}
67%
Palace (n.) 6 Pa{lais}
67%
Snake (n.) 7 S{erpent}
67%
Cup (n.) 5 T{asse}
67%
Old (adj.) 5 V{ieux}
67%
Voice (n.) 4 V{oix}
67%
To want (v.) 7 Vo{uloir}
67%
Pig (n.) 6 Co{chon}
66%
In front of (prep.) 6 De{vant}
66%
Equal (adj.) 4 É{gal}
66%
To go up; to ascend (v.) 6 Mo{nter}
66%
To answer (v.) 8 Ré{pondre}
66%
Soldier (n.) 6 So{ldat}
66%
Neighbor (n.) 6 Vo{isin}
66%
Kiss (n.) 5 Bi{sou}
65%
To know [someone] (v.) 9 Con{naître}
65%
To believe; to think (v.) 6 Cr{oire}
65%
Cross (n.) 5 Cr{oix}
65%
Hard; tough; harsh (adj.) 3 D{ur}
65%
Fortunately (adv.) 12 Heu{reusement}
65%
High school (n.) 5 L{ycée}
65%
Doctor (n.) 7 Mé{decin}
65%
Food (n.) 10 Nou{rriture}
65%
Poor (adj.) 6 P{auvre}
65%
To drive (v.) 8 Con{duire}
64%
To run (v.) 6 Co{urir}
64%
To become (v.) 7 De{venir}
64%
To taste (v.) 6 Go{ûter}
64%
Skirt (n.) 4 J{upe}
64%
Sometimes (adv.) 7 Pa{rfois}
64%
Queen (n.) 5 R{eine}
64%
Towel (n.) 9 Ser{viette}
64%
Far away (adj.) 4 L{oin}
63%
Cute (adj.) 6 Mi{gnon}
63%
To offer (v.) 6 O{ffrir}
63%
Pleasure (n.) 7 Pl{aisir}
63%
Daily (adj.) 9 Quo{tidien}
63%
Century (n.) 6 Si{ècle}
63%
Mouse (n.) 6 S{ouris}
63%
To pull (v.) 5 Ti{rer}
63%
To add (v.) 7 Aj{outer}
62%
Boyfriend (n.) 6 Co{pain}
62%
To hope (v.) 7 Es{pérer}
62%
Mirror (n.) 6 Mi{roir}
62%
Everywhere (adv.) 7 Pa{rtout}
62%
To lose; to miss (v.) 6 P{erdre}
62%
Fear (n.) 4 P{eur}
62%
Pepper (n.) 6 Po{ivre}
62%
To follow (v.) 6 Su{ivre}
62%
Devil (n.) 6 Di{able}
61%
Therefore; thus (conj.) 4 D{onc}
61%
Frog (n.) 10 Gre{nouille}
61%
Dry (adj.) 3 S{ec}
61%
To try; to attempt (v.) 7 Es{sayer}
60%
Wolf (n.) 4 L{oup}
60%
Sheep (n.) 6 M{outon}
60%
To cry (v.) 7 Pl{eurer}
60%
Noise (n.) 5 Br{uit}
59%
Hidden (adj.) 5 Ca{ché}
59%
Shoe (n.) 9 Ch{aussure}
59%
Fifth (adj.) 9 Ci{nquième}
59%
River (n.) 6 Fl{euve}
59%
Cloud (n.) 5 N{uage}
59%
Umbrella (n.) 9 Pa{rapluie}
59%
Powerful (adj.) 8 Pui{ssant}
59%
Rule (n.) 5 R{ègle}
59%
Poster (n.) 7 Aff{iche}
58%
Enough (adv.) 5 As{sez}
58%
Box (n.) 5 Bo{îte}
58%
Path; way (n.) 6 Ch{emin}
58%
To cut (v.) 6 Co{uper}
58%
Eraser (n.) 5 Go{mme}
58%
To show; to display (v.) 7 Mo{ntrer}
58%
Peace (n.) 4 P{aix}
58%
Skin (n.) 4 P{eau}
58%
Rain (n.) 5 Pl{uie}
58%
To kill (v.) 4 T{uer}
58%
Plate (n.) 8 Ass{iette}
57%
Goat (n.) 6 Ch{èvre}
57%
To count (v.) 7 Co{mpter}
57%
Outside (adv.) 6 De{hors}
57%
Flag (n.) 7 Dr{apeau}
57%
Mistake (n.) 6 E{rreur}
57%
Ghost (n.) 7 Fa{ntôme}
57%
Almost (adv.) 7 Pr{esque}
57%
Joke (n.) 6 Bl{ague}
56%
Wood (n.) 4 B{ois}
56%
To break (v.) 6 Ca{sser}
56%
Field (n.) 5 Ch{amp}
56%
Sock (n.) 10 Ch{aussette}
56%
Finger (n.) 5 D{oigt}
56%
Proud (adj.) 4 F{ier}
56%
Knee (n.) 5 Ge{nou}
56%
Bean (n.) 7 Ha{ricot}
56%
Mustard (n.) 8 Mo{utarde}
56%
Birth (n.) 9 Na{issance}
56%
Thirst (n.) 4 S{oif}
56%
To translate (v.) 8 Tra{duire}
56%
Truck (n.) 6 Ca{mion}
55%
Belt (n.) 8 Cei{nture}
55%
Knife (n.) 7 Cou{teau}
55%
Shoulder (n.) 6 Ép{aule}
55%
Forbidden (adj.) 8 In{terdit}
55%
To tell a lie (v.) 6 Me{ntir}
55%
To fish (v.) 6 P{êcher}
55%
To pray (v.) 5 Pr{ier}
55%
Near (adj.) 6 Pro{che}
55%
Kingdom (n.) 7 Ro{yaume}
55%
Dirty (adj.) 4 Sa{le}
55%
Hurt; injured (adj.) 6 Bl{essé}
54%
Corpse (n.) 7 Cad{avre}
54%
To teach (v.) 9 Ens{eigner}
54%
Lip (n.) 5 Lè{vre}
54%
Master (n.) 6 Ma{ître}
54%
Shadow (n.) 5 O{mbre}
54%
To save (v.) 6 Sa{uver}
54%
Hell (n.) 5 En{fer}
53%
Job (n.) 6 Mé{tier}
53%
Grapefruit (n.) 12 Pam{plemousse}
53%
To push (v.) 7 Po{usser}
53%
Citizen (n.) 7 Ci{toyen}
52%
To correct (v.) 8 Cor{riger}
52%
Slave (n.) 7 Es{clave}
52%
Leaf (n.) 7 F{euille}
52%
Light [weight] (adj.) 5 Lé{ger}
52%
Heavy (adj.) 5 L{ourd}
52%
To succeed (v.) 7 Ré{ussir}
52%
Bee (n.) 7 Ab{eille}
51%
Fight (n.) 6 Co{mbat}
51%
Fork (n.) 10 Fo{urchette}
51%
Wise (adj.) 4 S{age}
51%
Factory (n.) 5 U{sine}
51%
Sand (n.) 5 Sa{ble}
50%
Trumpet (n.) 9 Tr{ompette}
50%
Necktie (n.) 7 Cr{avate}
49%
Despite (prep.) 6 Mal{gré}
49%
Deep (adj.) 7 Pr{ofond}
49%
Clean; tidy (adj.) 6 Pr{opre}
49%
To wish (v.) 9 Sou{haiter}
49%
Corner (n.) 4 C{oin}
48%
Bookstore (n.) 9 Li{brairie}
48%
Empty (adj.) 4 V{ide}
48%
Brain (n.) 7 Ce{rveau}
47%
Hunt (n.) 6 Ch{asse}
47%
Stone; rock (n.) 6 Pi{erre}
47%
Shark (n.) 6 Re{quin}
47%
Except (prep.) 4 S{auf}
47%
Violin (n.) 6 V{iolon}
47%
Lamb (n.) 6 Ag{neau}
46%
Whale (n.) 7 Ba{leine}
46%
Anger (n.) 6 Co{lère}
46%
Boring (adj.) 8 Enn{uyeux}
46%
Arrow (n.) 6 Fl{èche}
46%
Throat (n.) 5 G{orge}
46%
Cave (n.) 6 Gr{otte}
46%
Jewish (adj.) 4 J{uif}
46%
Blind (adj.) 7 Av{eugle}
45%
Bell (n.) 6 Cl{oche}
45%
Spinach (n.) 7 Ép{inard}
45%
Candle (n.) 6 Bo{ugie}
44%
Spoon (n.) 8 Cui{llère}
44%
Pregnant (adj.) 8 En{ceinte}
44%
Suddenly (adv.) 7 S{oudain}
44%
Heat (n.) 7 Ch{aleur}
43%
Armchair (n.) 8 Fau{teuil}
43%
Ceiling (n.) 7 Pla{fond}
43%
Roof (n.) 4 T{oit}
43%
Swan (n.) 5 C{ygne}
42%
To dare (v.) 4 O{ser}
42%
Wheel (n.) 4 R{oue}
42%
Asparagus (n.) 7 As{perge}
41%
Owl (n.) 5 Hi{bou}
41%
Wing (n.) 4 A{ile}
40%
Guilty (adj.) 8 Co{upable}
40%
Among (prep.) 5 Pa{rmi}
40%
Suburbs (n.) 8 Ban{lieue}
39%
Hill (n.) 7 Co{lline}
39%
Lighthouse (n.) 5 Ph{are}
39%
Deaf (adj.) 5 S{ourd}
38%
Witness (n.) 6 Té{moin}
38%
To swallow (v.) 6 Av{aler}
35%
Wand (n.) 8 Ba{guette}
35%
To elect (v.) 5 Él{ire}
33%
Ladder (n.) 7 Éc{helle}
32%
Gun (n.) 5 F{usil}
32%
Leek (n.) 7 Poi{reau}
24%
No matching quizzes found
Score Distribution
Percent of People with Each Score
Percentile by Number Answered
Your Score History
You have not taken this quiz